Normal view
MARC view
Entry Personal Name
001 - CONTROL NUMBER
- control field: 32984
003 - CONTROL NUMBER IDENTIFIER
- control field: OSt
005 - DATE AND TIME OF LATEST TRANSACTION
- control field: 20220914130237.0
008 - FIXED-LENGTH DATA ELEMENTS
- fixed length control field: 220914|| aca||aabn | a|a d
040 ## - CATALOGING SOURCE
- Original cataloging agency: OSt
- Transcribing agency: OSt
100 ## - HEADING--PERSONAL NAME
- Personal name: Tripathi, G. C.
670 ## - SOURCE DATA FOUND
- Source citation: Work cat.: (OSt)519758: Tripathi, G. C. , Agro-economic research improving water use efficiency in India’s agriculture: The impact, benefits and challenges of micro irrigation under PMKSY-PDMC in Uttar Pradesh
